000
00191 a2200097 4500
001
7005
100
_a
Bigg, W.W
245
_a
Cost accounts
260
_a
_b
Macdonald
_c
090
_c
5784
_d
5784
942
_a
NUST-CAE
_c
M
_c
32249
999
_c
242078
_d
242078